История и методология термодинамики и статистической физики: учебное пособие

Bibliographic Details
Main Author: Гельфер Я. М. Яков Матвеевич
Language:Russian
Published: Москва, Высшая школа, 1981
Edition:2-е изд., перераб. и доп.
Subjects:
Format: Book
KOHA link:https://koha.lib.tpu.ru/cgi-bin/koha/opac-detail.pl?biblionumber=170920

MARC

LEADER 00000nam0a2200000 4500
001 170920
005 20231031163847.0
035 |a (RuTPU)RU\TPU\book\185361 
090 |a 170920 
100 |a 20091130d1981 m y0rusy50 ca 
101 0 |a rus 
102 |a RU 
105 |a a j 001zy 
200 1 |a История и методология термодинамики и статистической физики  |e учебное пособие  |f Я. М. Гельфер 
205 |a 2-е изд., перераб. и доп. 
210 |a Москва  |c Высшая школа  |d 1981 
215 |a 536 с.  |c ил. 
320 |a Библиогр.: с. 529-531. 
610 1 |a термодинамика 
610 1 |a статистическая физика 
610 1 |a история 
610 1 |a методология 
610 1 |a теплота 
610 1 |a феноменологическая термодинамика 
610 1 |a становление 
610 1 |a развитие 
610 1 |a учебные пособия 
675 |a 536.7(09)(075.8)  |v 3 
675 |a 531.19(09)(075.8)  |v 3 
700 1 |a Гельфер  |b Я. М.  |g Яков Матвеевич 
801 1 |a RU  |b 63413507  |c 20091130 
801 2 |a RU  |b 63413507  |c 20181024  |g RCR 
942 |c BK